[Event "BAN-chT 1st League"]
[Site "Dhaka"]
[Date "2022.03.17"]
[Round "8.4"]
[White "Uten"]
[Black "Hossain, Monir Khan"]
[Result "1-0"]
[WhiteElo "1986"]
[BlackElo "1930"]
[PlyCount "57"]
[EventDate "2022.03.10"]
[EventType "team-tourn"]
[EventRounds "11"]
[EventCountry "BAN"]
[SourceTitle "EXT 2023"]
[Source "ChessBase"]
[SourceDate "2022.10.05"]
[SourceVersion "1"]
[SourceVersionDate "2022.10.05"]
[SourceQuality "1"]
[WhiteTeam "Esoft Arena"]
[BlackTeam "Agrani Bank Daba Dal"]
[WhiteTeamCountry "BAN"]
[BlackTeamCountry "BAN"]

1. e4 c5 2. Nf3 d6 3. d4 cxd4 4. Nxd4 Nf6 5. Nc3 a6 6. Be3 e5 7. Nb3 Be6 8. f3 Nbd7 9. g4 h6 10. Qd2 Be7 11. 0-0-0 Qc7 12. Kb1 b6 13. h4 Nc5 14. Bh3 Nfd7 15. g5 hxg5 16. Bxg5 Nf6 17. Bxf6 gxf6 18. f4 Nxb3 19. cxb3 b5 20. f5 Bd7 21. Nd5 Qb8 22. Rc1 Ra7 23. h5 Qa8 24. Qg2 Bc6 25. Rxc6 Qxc6 26. Rc1 Qb7 27. Qg7 Rxh5 28. Qg8+ Kd7 29. Qxf7 1-0

[Event "BAN-chT 1st League"]
[Site "Dhaka"]
[Date "2022.03.13"]
[Round "4.4"]
[White "Rana Pratap, Singha"]
[Black "Hossain, Monir Khan"]
[Result "1/2-1/2"]
[WhiteElo "1930"]
[BlackElo "1930"]
[PlyCount "119"]
[EventDate "2022.03.10"]
[EventType "team-tourn"]
[EventRounds "11"]
[EventCountry "BAN"]
[SourceTitle "EXT 2023"]
[Source "ChessBase"]
[SourceDate "2022.10.05"]
[SourceVersion "1"]
[SourceVersionDate "2022.10.05"]
[SourceQuality "1"]
[WhiteTeam "Mir CC"]
[BlackTeam "Agrani Bank Daba Dal"]
[WhiteTeamCountry "BAN"]
[BlackTeamCountry "BAN"]

1. g3 d5 2. Bg2 Nf6 3. Nf3 g6 4. 0-0 Bg7 5. d3 0-0 6. c3 c5 7. Re1 Nc6 8. Qa4 a6 9. Qh4 Qd6 10. e4 dxe4 11. dxe4 Ne5 12. Bg5 Re8 13. Nbd2 Nfg4 14. h3 Nxf3+ 15. Nxf3 Ne5 16. Nh2 Nd3 17. Rad1 c4 18. Re2 e5 19. Red2 f6 20. Be3 Be6 21. Ng4 Qf8 22. f4 h6 23. Nf2 exf4 24. gxf4 g5 25. Qg3 gxf4 26. Bxf4 Nxf4 27. Qxf4 Rad8 28. Ng4 h5 29. Ne3 Rxd2 30. Rxd2 Bh6 31. Qg3+ Kh8 32. Rf2 Qc5 33. Qg6 Bxe3 34. Qxe8+ Bg8 35. e5 Bxf2+ 36. Kf1 Qe3 37. Qxh5+ Kg7 38. exf6+ Kxf6 39. Qh8+ Ke7 40. Bxb7 Bg3 41. Qd4 Qc1+ 42. Kg2 Qxb2+ 43. Kxg3 Qxb7 44. Qh4+ Kf8 45. Qd8+ Kg7 46. Qd4+ Kf8 47. Qd8+ Kf7 48. Kf4 Bh7 49. Qd4 Bd3 50. h4 Qc6 51. Qa7+ Kg6 52. Qg1+ Kh7 53. Qa7+ Kh6 54. Qe7 Qg6 55. Qf8+ Kh7 56. Qe7+ Qg7 57. Qc5 Qh6+ 58. Ke5 Kg6 59. a4 Bc2 60. Kd5 1/2-1/2

[Event "BAN-chT 1st League"]
[Site "Dhaka"]
[Date "2021.03.07"]
[Round "11.3"]
[White "Arya, Bhakta"]
[Black "Hossain, Monir Khan"]
[Result "1-0"]
[WhiteElo "2003"]
[BlackElo "1966"]
[PlyCount "65"]
[EventDate "2021.02.25"]
[EventType "team-tourn"]
[EventRounds "11"]
[EventCountry "BAN"]
[SourceTitle "EXT 2022"]
[Source "ChessBase"]
[SourceDate "2021.10.06"]
[SourceVersion "1"]
[SourceVersionDate "2021.10.06"]
[SourceQuality "1"]
[WhiteTeam "Sultana Kamal Smirity Pathagar"]
[BlackTeam "Agrani Bank Daba Dal"]
[WhiteTeamCountry "BAN"]
[BlackTeamCountry "BAN"]

1. d4 d5 2. Bf4 e6 3. e3 a6 4. Nf3 c5 5. c3 Nc6 6. Nbd2 Nf6 7. Bd3 c4 8. Bc2 b5 9. 0-0 Bd6 10. Bg5 h6 11. Bh4 g5 12. Bg3 Bxg3 13. fxg3 Ra7 14. e4 dxe4 15. Nxe4 Nd5 16. Qe2 0-0 17. Ne5 Nxe5 18. dxe5 f5 19. exf6 Qb6+ 20. Kh1 Ne3 21. Qh5 Nxc2 22. Qg6+ Kh8 23. Qxh6+ Kg8 24. Qg6+ Kh8 25. f7 Raxf7 26. Rxf7 Rxf7 27. Qxf7 Qb7 28. Qf8+ Kh7 29. Rf1 Qxe4 30. Rf7+ Kg6 31. Rf6+ Kh5 32. Qh6+ Kg4 33. Qh3# 1-0

[Event "BAN-chT 1st League"]
[Site "Dhaka"]
[Date "2021.02.27"]
[Round "3.2"]
[White "Mazharul, Anwar"]
[Black "Hossain, Monir Khan"]
[Result "0-1"]
[WhiteElo "1821"]
[BlackElo "1948"]
[PlyCount "159"]
[EventDate "2021.02.25"]
[EventType "team-tourn"]
[EventRounds "11"]
[EventCountry "BAN"]
[SourceTitle "EXT 2022"]
[Source "ChessBase"]
[SourceDate "2021.10.06"]
[SourceVersion "1"]
[SourceVersionDate "2021.10.06"]
[SourceQuality "1"]
[WhiteTeam "Kasparov CC"]
[BlackTeam "Agrani Bank Daba Dal"]
[WhiteTeamCountry "BAN"]
[BlackTeamCountry "BAN"]

1. e4 c5 2. Nc3 Nc6 3. g3 g6 4. Bg2 Bg7 5. Nge2 d6 6. 0-0 h5 7. h3 Bd7 8. d3 Qc8 9. Kh2 Nf6 10. Nf4 Nd4 11. Nfd5 Rb8 12. Nxf6+ Bxf6 13. Nd5 Bg7 14. c3 Ne6 15. f4 Nc7 16. Ne3 f5 17. exf5 gxf5 18. h4 Kf8 19. Bh3 Ne8 20. Nd5 e6 21. Ne3 Nf6 22. Ng2 Bc6 23. Ne1 Ng4+ 24. Kg1 Rh6 25. Nf3 Bxf3 26. Qxf3 Rg6 27. Bxg4 Rxg4 28. Be3 Bf6 29. Kf2 Qd7 30. Rad1 Qe7 31. Rh1 b6 32. d4 d5 33. a4 c4 34. Ra1 Kf7 35. Ke2 Rbg8 36. Bf2 Qc7 37. Kd2 Rb8 38. Ra2 a5 39. Re1 b5 40. axb5 Rxb5 41. Rea1 Be7 42. Kc2 Qb6 43. Qe2 Bd6 44. Re1 Bc7 45. Be3 Qa6 46. Bc1 Rb6 47. Be3 Qb5 48. Bf2 Kg6 49. Kc1 Kh6 50. Qc2 Rg8 51. Qa4 Qxa4 52. Rxa4 Ra6 53. Kc2 Rb8 54. Ra3 a4 55. Rea1 Rba8 56. Re1 Kg7 57. Ra2 Kf7 58. Rea1 Bd6 59. Be3 Ke7 60. Bf2 Kd7 61. Be1 Be7 62. Bf2 Kc6 63. Re1 Kd7 64. Rea1 Bd6 65. Be1 Bf8 66. Bf2 Be7 67. Be3 Kc6 68. Bf2 Kb5 69. Be3 Rg8 70. Bf2 Bd6 71. Re1 Rg6 72. Rea1 Ra8 73. Re1 Kc6 74. Rea1 Ra7 75. Kd2 Rb7 76. Rxa4 Rxb2+ 77. Ke3 Rg8 78. Ra7 Bc7 79. Be1 Rc2 80. R7a6+ 0-1

[Event "Dhaka Borsho op"]
[Site "Dhaka"]
[Date "2021.01.14"]
[Round "7"]
[White "Nusrat Jahan, Alo"]
[Black "Hossain, Monir Khan"]
[Result "1/2-1/2"]
[WhiteElo "1730"]
[BlackElo "1997"]
[PlyCount "155"]
[EventDate "2021.01.09"]
[EventType "swiss"]
[EventRounds "9"]
[EventCountry "BAN"]
[SourceTitle "CBM 200 Extra"]
[Source "ChessBase"]
[SourceDate "2021.03.31"]
[SourceVersion "1"]
[SourceVersionDate "2021.03.31"]
[SourceQuality "1"]

1. e4 c5 2. Nf3 d6 3. d4 cxd4 4. Nxd4 Nf6 5. Nc3 g6 6. Be2 Bg7 7. 0-0 0-0 8. f4 Nc6 9. Be3 Bd7 10. h3 Rc8 11. Qd2 Na5 12. f5 Nc4 13. Bxc4 Rxc4 14. Rad1 a6 15. fxg6 hxg6 16. Qe2 Rxc3 17. bxc3 Nxe4 18. Qe1 Qc8 19. Bd2 Nxd2 20. Qxd2 Qc5 21. Kh1 Rc8 22. Qf4 Be8 23. Qf3 Rc7 24. Rd3 Qb6 25. Re1 e5 26. Qd5 Rc8 27. Nb3 Bf8 28. Rg3 Kg7 29. Rge3 Bc6 30. Qd2 a5 31. Nc1 Be7 32. R3e2 Rh8 33. Kh2 Rh5 34. Qe3 Qc7 35. Nd3 Bg5 36. Qf2 Bh4 37. g3 Bg5 38. h4 f5 39. Kg1 Bf6 40. Qe3 Qf7 41. Rh2 Qxa2 42. Qb6 Qd5 43. c4 Qf3 44. Re3 Qd1+ 45. Ne1 e4 46. Qc7+ Kh6 47. Qf7 Qd4 48. Rhe2 d5 49. c3 Qe5 50. Nd3 Qe7 51. Qxe7 Bxe7 52. Nf4 dxc4 53. Kf1 Bc5 54. Nxh5 Kxh5 55. Re1 Bxe3 56. Rxe3 Kg4 57. Kf2 Ba4 58. Re2 b5 59. Ra2 g5 60. hxg5 Kxg5 61. Ra1 f4 62. gxf4+ Kxf4 63. Ke2 Ke5 64. Ke3 Kd5 65. Kf4 Kc5 66. Kxe4 Bc2+ 67. Ke5 a4 68. Rc1 Bb3 69. Ke4 a3 70. Ra1 a2 71. Ke3 Kb6 72. Kd2 Ka5 73. Kc1 b4 74. Kb2 Kb5 75. cxb4 Kxb4 76. Rc1 c3+ 77. Rxc3 a1Q+ 78. Kxa1 1/2-1/2

[Event "Dhaka Borsho op"]
[Site "Dhaka"]
[Date "2021.01.11"]
[Round "3"]
[White "Hossain, Monir Khan"]
[Black "S, M Sharon"]
[Result "0-1"]
[WhiteElo "1997"]
[BlackElo "2106"]
[PlyCount "140"]
[EventDate "2021.01.09"]
[EventType "swiss"]
[EventRounds "9"]
[EventCountry "BAN"]
[SourceTitle "CBM 200 Extra"]
[Source "ChessBase"]
[SourceDate "2021.03.31"]
[SourceVersion "1"]
[SourceVersionDate "2021.03.31"]
[SourceQuality "1"]

1. d4 d6 2. Nc3 a6 3. Bg5 Nd7 4. e3 b5 5. Nf3 Bb7 6. Bh4 g6 7. Be2 Bg7 8. 0-0 Ngf6 9. Re1 0-0 10. h3 c5 11. Nb1 Qb6 12. c3 Rfe8 13. Nbd2 e5 14. Bg3 Nh5 15. Bh2 f5 16. Nb3 Rad8 17. Nfd2 Nhf6 18. Bf3 e4 19. Be2 Bf8 20. c4 d5 21. cxb5 c4 22. Nc1 axb5 23. Bf1 Qa5 24. a3 Ra8 25. Na2 Rec8 26. Nb1 Nb6 27. Nbc3 Na4 28. Nxa4 Qxa4 29. Qxa4 Rxa4 30. Nc3 Ra5 31. Rec1 Bc6 32. Be2 Rca8 33. Rab1 R5a7 34. Bd1 Kf7 35. Kf1 Ke6 36. Ke2 Rb7 37. Kd2 Nd7 38. Bg3 Nb6 39. f3 b4 40. axb4 Bxb4 41. Be1 Ba4 42. Ke2 Bxd1+ 43. Kxd1 Na4 44. Kc2 Nb6 45. Nxe4 dxe4 46. Bxb4 Nd5 47. Bd2 Ra2 48. fxe4 fxe4 49. Kd1 Rb3 50. Rxc4 Nxe3+ 51. Bxe3 Rxe3 52. Rc2 Kd5 53. Rd2 Rd3 54. Ke2 Rg3 55. Kf1 Rb3 56. Ke2 h5 57. Rc1 Raxb2 58. Rc5+ Kd6 59. Rg5 Rxd2+ 60. Kxd2 h4 61. Rxg6+ Kd5 62. Rh6 Kxd4 63. Rxh4 Rb2+ 64. Kc1 Rxg2 65. Rh8 Rh2 66. h4 Kd3 67. h5 e3 68. h6 Rh1+ 69. Kb2 e2 70. Rd8+ Kc4 0-1

[Event "Dhaka Marcel 1st Division"]
[Site "Dhaka"]
[Date "2019.11.12"]
[Round "1.1"]
[White "Hossain, Monir Khan"]
[Black "Singh, Soram Rahul"]
[Result "0-1"]
[WhiteElo "1993"]
[BlackElo "2104"]
[PlyCount "106"]
[EventDate "2019.11.12"]
[EventType "team-tourn"]
[EventRounds "9"]
[EventCountry "BAN"]
[SourceTitle "CBM 193 Extra"]
[Source "ChessBase"]
[SourceDate "2020.01.31"]
[SourceVersion "1"]
[SourceVersionDate "2020.01.31"]
[SourceQuality "1"]
[WhiteTeam "Agrani Bank Daba Dal"]
[BlackTeam "Dhaka Knight's CC"]
[WhiteTeamCountry "BAN"]
[BlackTeamCountry "BAN"]

1. Nf3 Nf6 2. d4 d5 3. Bf4 c5 4. c3 Nc6 5. e3 Qb6 6. Qb3 c4 7. Qc2 Bf5 8. Qc1 h6 9. h3 e6 10. Nbd2 Be7 11. Be2 Rc8 12. Ne5 0-0 13. 0-0 Nxe5 14. Bxe5 Ne4 15. Nxe4 Bxe4 16. Bg3 Qa5 17. f3 Bg6 18. Qd2 b5 19. a3 Qb6 20. Bf2 a5 21. Rfe1 b4 22. axb4 axb4 23. Bf1 f5 24. f4 Ra8 25. Reb1 b3 26. Qd1 Ra2 27. Be1 Rfa8 28. Qc1 Ba3 29. bxa3 Rxa1 30. Rxa1 b2 31. Qb1 bxa1Q 32. Qxa1 Qb3 33. Be2 Rxa3 34. Qc1 Ra2 35. Bf3 Qc2 36. Qxc2 Rxc2 37. Kf1 Be8 38. g4 g6 39. h4 h5 40. gxf5 gxf5 41. Bd1 Ra2 42. Be2 Kg7 43. Bf3 Kg6 44. Bd1 Ba4 45. Bxa4 Rxa4 46. Ke2 Ra2+ 47. Bd2 Kf7 48. Kd1 Ke7 49. Ke2 Kd7 50. Kd1 Kc6 51. Ke2 Kb5 52. Kd1 Ka4 53. Ke2 Kb3 0-1

[Event "BAN-ch 45th"]
[Site "Dhaka"]
[Date "2019.11.06"]
[Round "5"]
[White "Hossain, Monir Khan"]
[Black "Chowdhury, Sohel"]
[Result "1/2-1/2"]
[WhiteElo "2058"]
[BlackElo "2096"]
[PlyCount "30"]
[EventDate "2019.11.02"]
[EventType "swiss"]
[EventRounds "10"]
[EventCountry "BAN"]
[SourceTitle "CBM 192 Extra"]
[Source "Chessbase"]
[SourceDate "2019.11.06"]
[SourceVersion "1"]
[SourceVersionDate "2019.11.06"]
[SourceQuality "1"]

1. d4 d5 2. c4 c6 3. Nf3 Nf6 4. Nc3 e6 5. e3 Nbd7 6. Qc2 Bd6 7. Bd2 0-0 8. e4 dxe4 9. Nxe4 Nxe4 10. Qxe4 Nf6 11. Qh4 Re8 12. 0-0-0 h6 13. Ne5 Nd7 14. Qe4 Nf6 15. Qf3 c5 1/2-1/2

[Event "BAN-ch 45th"]
[Site "Dhaka"]
[Date "2019.11.05"]
[Round "4"]
[White "Hossain, Monir Khan"]
[Black "Hamid, Rani"]
[Result "0-1"]
[WhiteElo "2058"]
[BlackElo "1916"]
[PlyCount "40"]
[EventDate "2019.11.02"]
[EventType "swiss"]
[EventRounds "10"]
[EventCountry "BAN"]
[SourceTitle "CBM 192 Extra"]
[Source "Chessbase"]
[SourceDate "2019.11.06"]
[SourceVersion "1"]
[SourceVersionDate "2019.11.06"]
[SourceQuality "1"]

1. d4 Nf6 2. Nf3 e6 3. g3 c5 4. Bg2 Nc6 5. 0-0 Be7 6. dxc5 Bxc5 7. c4 0-0 8. Nc3 b6 9. a3 Bb7 10. b4 Be7 11. Bb2 Rc8 12. Rc1 Qc7 13. e4 d6 14. Qe2 Qb8 15. Rfd1 Rfd8 16. Nd5 exd5 17. exd5 Ne5 18. Nxe5 dxe5 19. Bxe5 Bd6 20. f4 Ne8 0-1

[Event "BAN-chT"]
[Site "Dhaka"]
[Date "2017.12.16"]
[Round "8.4"]
[White "Hossain, Monir Khan"]
[Black "Md Abu, Hanif"]
[Result "1-0"]
[WhiteElo "2071"]
[BlackElo "2009"]
[PlyCount "111"]
[EventDate "2017.12.09"]
[EventType "team-tourn"]
[EventRounds "11"]
[EventCountry "BAN"]
[SourceTitle "CBM 182 Extra"]
[Source "ChessBase"]
[SourceDate "2018.02.23"]
[SourceVersion "1"]
[SourceVersionDate "2018.02.23"]
[SourceQuality "1"]
[WhiteTeam "Bengal"]
[BlackTeam "Sonali Bank Sports"]
[WhiteTeamCountry "BAN"]
[BlackTeamCountry "BAN"]

1. d4 d5 2. c4 e6 3. Nc3 Nf6 4. Nf3 c6 5. Bg5 Be7 6. e3 Nbd7 7. Rc1 dxc4 8. Bxc4 b5 9. Bd3 Bb7 10. 0-0 a6 11. Qe2 0-0 12. Rfd1 Qb6 13. Ne5 Rfd8 14. Ne4 Qc7 15. Nxd7 Nxe4 16. Bxe7 Rxd7 17. Bh4 f5 18. Bxe4 fxe4 19. Qg4 Qd6 20. Rc5 Re8 21. Rdc1 Rf7 22. Qxe4 h6 23. Bg3 Qf8 24. h3 Rf5 25. Qc2 Rxc5 26. Qxc5 Qxc5 27. Rxc5 Rd8 28. Be5 Kf7 29. e4 g6 30. f3 a5 31. Kf2 a4 32. Ke3 Ke7 33. h4 Rg8 34. Bf4 Rh8 35. g4 Kd7 36. Be5 Rg8 37. f4 Ke7 38. Bc7 Rc8 39. Ba5 Rg8 40. Bb4 Kd7 41. Kf3 Ke8 42. h5 Kf7 43. a3 Rd8 44. Bc3 Rg8 45. hxg6+ Kxg6 46. f5+ Kf7 47. d5 exd5 48. e5 h5 49. e6+ Ke7 50. gxh5 Rg5 51. Kf4 Rxh5 52. Ke5 Ke8 53. Bb4 Rh4 54. Rc1 Re4+ 55. Kf6 Kd8 56. Ba5+ 1-0

[Event "BAN-chB 43rd"]
[Site "Dhaka"]
[Date "2017.11.17"]
[Round "11"]
[White "Hossain, Monir Khan"]
[Black "Mihir Lal, Das"]
[Result "1-0"]
[WhiteElo "2075"]
[BlackElo "1880"]
[PlyCount "65"]
[EventDate "2017.11.07"]
[EventType "swiss"]
[EventRounds "11"]
[EventCountry "BAN"]
[SourceTitle "CBM 181 Extra"]
[Source "ChessBase"]
[SourceDate "2017.12.12"]
[SourceVersion "1"]
[SourceVersionDate "2017.12.12"]
[SourceQuality "1"]

1. d4 d5 2. c4 c6 3. Nc3 Nf6 4. Nf3 Bf5 5. cxd5 cxd5 6. Bf4 Qb6 7. Qb3 Qxb3 8. axb3 e6 9. Nb5 Bb4+ 10. Nd2 Na6 11. Nd6+ Bxd6 12. Bxd6 Kd7 13. Ba3 Rhc8 14. e4 Nxe4 15. Nf3 Nc7 16. g4 Bg6 17. Ne5+ Ke8 18. h4 f6 19. Nxg6 hxg6 20. Bd3 f5 21. f3 Nf6 22. h5 Kf7 23. hxg6+ Kxg6 24. Rc1 a6 25. gxf5+ Kf7 26. Kd2 exf5 27. Bxf5 Ne6 28. Rhe1 Ne4+ 29. fxe4 Rxc1 30. Bxe6+ Kxe6 31. Kxc1 dxe4 32. Rxe4+ Kd5 33. Rg4 1-0

[Event "BAN-chB 43rd"]
[Site "Dhaka"]
[Date "2017.11.12"]
[Round "6"]
[White "Mehdi, Hasan Parag"]
[Black "Hossain, Monir Khan"]
[Result "1-0"]
[WhiteElo "2227"]
[BlackElo "2075"]
[PlyCount "47"]
[EventDate "2017.11.07"]
[EventType "swiss"]
[EventRounds "11"]
[EventCountry "BAN"]
[SourceTitle "CBM 181 Extra"]
[Source "ChessBase"]
[SourceDate "2017.12.12"]
[SourceVersion "1"]
[SourceVersionDate "2017.12.12"]
[SourceQuality "1"]

1. Nf3 c5 2. c4 g6 3. Nc3 Bg7 4. g3 Nc6 5. Bg2 Nf6 6. 0-0 0-0 7. d4 cxd4 8. Nxd4 Ng4 9. e3 Nge5 10. b3 Nxd4 11. exd4 Nc6 12. Be3 d6 13. Qd2 Bf5 14. Rad1 Qc8 15. Rfe1 Re8 16. Nd5 e6 17. Nc3 a6 18. Na4 Qd8 19. h3 e5 20. dxe5 dxe5 21. g4 Be6 22. Nc5 Qxd2 23. Rxd2 Red8 24. Red1 1-0

[Event "BAN-chB 43rd"]
[Site "Dhaka"]
[Date "2017.11.10"]
[Round "4"]
[White "Hossain, Monir Khan"]
[Black "Abu Sufian, Sakil"]
[Result "1/2-1/2"]
[WhiteElo "2075"]
[BlackElo "2322"]
[PlyCount "35"]
[EventDate "2017.11.07"]
[EventType "swiss"]
[EventRounds "11"]
[EventCountry "BAN"]
[SourceTitle "CBM 181 Extra"]
[Source "ChessBase"]
[SourceDate "2017.12.12"]
[SourceVersion "1"]
[SourceVersionDate "2017.12.12"]
[SourceQuality "1"]

1. d4 Nf6 2. Nf3 d5 3. c4 e6 4. cxd5 exd5 5. Bg5 c6 6. Nc3 Be7 7. Qc2 g6 8. Bxf6 Bxf6 9. e3 Bf5 10. Bd3 Bxd3 11. Qxd3 0-0 12. 0-0 Nd7 13. b4 a6 14. a4 Qe7 15. Rfb1 Nb6 16. Nd2 Rfd8 17. a5 Nc8 18. Na4 1/2-1/2

[Event "BAN Walton 1st League"]
[Site "Dhaka"]
[Date "2016.12.10"]
[Round "5.3"]
[White "Hossain, Monir Khan"]
[Black "Ahmed, Sk Nasir"]
[Result "0-1"]
[WhiteElo "2094"]
[BlackElo "2234"]
[PlyCount "114"]
[EventDate "2016.12.06"]
[EventType "team-tourn"]
[EventRounds "9"]
[EventCountry "BAN"]
[SourceTitle "CBM 176 Extra"]
[Source "ChessBase"]
[SourceDate "2017.03.02"]
[SourceVersion "1"]
[SourceVersionDate "2017.03.02"]
[SourceQuality "1"]
[WhiteTeam "Leonine CC"]
[BlackTeam "Bangladesh Navy"]
[WhiteTeamCountry "BAN"]
[BlackTeamCountry "BAN"]

1. d4 Nf6 2. Nf3 e6 3. c4 b6 4. g3 Ba6 5. b3 Bb7 6. Bg2 Bb4+ 7. Bd2 a5 8. a3 Bxd2+ 9. Qxd2 0-0 10. 0-0 d6 11. Nc3 Qe7 12. Rfe1 Nbd7 13. e4 e5 14. Nh4 g6 15. f4 Rfe8 16. Rab1 Nh5 17. Nd5 Qd8 18. Bh3 Bxd5 19. cxd5 exf4 20. Bxd7 Qxd7 21. gxf4 Qh3 22. Ng2 Nf6 23. Re3 Nxe4 24. Qc2 Qf5 25. Rbe1 Nf6 26. Qxf5 gxf5 27. Nh4 Rxe3 28. Rxe3 Nxd5 29. Rg3+ Kf8 30. Nxf5 Re8 31. Rh3 Nxf4 32. Rxh7 Ng6 33. h4 Re4 34. h5 Rf4 35. Ne3 Ne7 36. Rh8+ Kg7 37. Re8 Nf5 38. Nd5 Rxd4 39. Nxc7 Rd1+ 40. Kf2 Rb1 41. a4 Rxb3 42. Rb8 Rb4 43. Nd5 Rxa4 44. Rxb6 Rh4 45. Ra6 Rxh5 46. Nc7 Rh2+ 47. Kf3 Ra2 48. Ke4 Kg6 49. Nb5 Kg5 50. Nc3 Ra3 51. Kd3 d5 52. Kd2 d4 53. Ne4+ Kf4 54. Nc5 Ke5 55. Nb7 Ke4 56. Rf6 Ra2+ 57. Kc1 d3 0-1

[Event "BAN-chB 41st"]
[Site "Dhaka"]
[Date "2015.10.17"]
[Round "3"]
[White "Faisal, Hossain"]
[Black "Hossain, Monir Khan"]
[Result "0-1"]
[WhiteElo "1968"]
[BlackElo "2142"]
[PlyCount "39"]
[EventDate "2015.10.15"]
[EventType "swiss"]
[EventRounds "11"]
[EventCountry "BAN"]
[SourceTitle "CBM 169 Extra"]
[Source "ChessBase"]
[SourceDate "2015.12.18"]
[SourceVersion "1"]
[SourceVersionDate "2015.12.18"]
[SourceQuality "1"]

1. e4 c5 2. Nf3 d6 3. c4 Nc6 4. d4 cxd4 5. Nxd4 Nf6 6. Nc3 g6 7. Be2 Bg7 8. Be3 0-0 9. 0-0 a5 10. Ndb5 Be6 11. f4 Bc8 12. Bf3 h5 13. h3 Be6 14. Qe2 a4 15. Rac1 Ra6 16. Rfd1 Qb8 17. Nd4 Ne8 18. Kh1 Bc8 19. a3 e6 20. Nxe6 0-1

[Event "BAN-chB 41st"]
[Site "Dhaka"]
[Date "2015.10.15"]
[Round "1"]
[White "Ali, Kawsar"]
[Black "Hossain, Monir Khan"]
[Result "0-1"]
[WhiteElo "1851"]
[BlackElo "2142"]
[PlyCount "72"]
[EventDate "2015.10.15"]
[EventType "swiss"]
[EventRounds "11"]
[EventCountry "BAN"]
[SourceTitle "CBM 169 Extra"]
[Source "ChessBase"]
[SourceDate "2015.12.18"]
[SourceVersion "1"]
[SourceVersionDate "2015.12.18"]
[SourceQuality "1"]

1. d4 Nf6 2. c4 g6 3. Nc3 Bg7 4. e4 0-0 5. Nf3 d6 6. Be2 e5 7. dxe5 dxe5 8. Qxd8 Rxd8 9. Bg5 c6 10. Nxe5 Re8 11. Bxf6 Bxf6 12. f4 Na6 13. 0-0 Bxe5 14. fxe5 Rxe5 15. Rad1 Be6 16. b3 Nc5 17. Bf3 a5 18. Rd4 Kf8 19. Rfd1 Ke7 20. Ne2 Re8 21. Nf4 Bc8 22. Nd3 Nxd3 23. R1xd3 h5 24. Kf2 g5 25. g3 Be6 26. a3 Rh8 27. h4 Rf8 28. hxg5 Rxg5 29. b4 axb4 30. axb4 Ra8 31. c5 Kf6 32. Rd8 Ra2+ 33. Rd2 Rxd2+ 34. Rxd2 Bg4 35. Bxg4 Rxg4 36. Kf3 Kg5 0-1

[Event "BAN-chT"]
[Site "Dhaka"]
[Date "2013.11.08"]
[Round "7"]
[White "Hossain, Monir Khan"]
[Black "Hossain, Enayet Mohammed"]
[Result "1-0"]
[WhiteElo "2196"]
[BlackElo "2106"]
[PlyCount "103"]
[EventDate "2013.11.02"]
[EventType "team-tourn"]
[EventRounds "9"]
[EventCountry "BAN"]
[SourceTitle "CBM 157 Extra"]
[Source "ChessBase"]
[SourceDate "2013.12.19"]
[SourceVersion "1"]
[SourceVersionDate "2013.12.19"]
[SourceQuality "1"]

1. d4 d5 2. c4 c6 3. Nc3 Nf6 4. cxd5 cxd5 5. Bf4 Qb6 6. Nf3 Bd7 7. Qb3 Qxb3 8. axb3 Na6 9. Ne5 Nb4 10. Rc1 Rc8 11. Nxd7 Kxd7 12. e3 a6 13. f3 e6 14. Be2 Bd6 15. Bxd6 Kxd6 16. Kd2 Nd7 17. Ra1 b5 18. Rhc1 Nb8 19. Bxb5 axb5 20. Nxb5+ Ke7 21. Ra7+ Nd7 22. Nc7 Rb8 23. e4 Rb6 24. Rc3 Rhb8 25. exd5 Nxd5 26. Nxd5+ exd5 27. Rcc7 Rd8 28. Kc3 Kd6 29. b4 Rc6+ 30. Rxc6+ Kxc6 31. Ra5 Rc8 32. Kb3 Nb6 33. Rc5+ Kb7 34. b5 Rxc5 35. dxc5 Nc4 36. Kc3 f5 37. Kd4 Nxb2 38. Kxd5 Kc7 39. f4 Nd3 40. g3 Kd7 41. c6+ Kc7 42. Ke6 Ne1 43. Kxf5 Nf3 44. Ke4 Nxh2 45. Kd5 Ng4 46. Kc5 Nf6 47. b6+ Kc8 48. Kd6 Ne4+ 49. Ke7 Nxg3 50. b7+ Kc7 51. b8Q+ Kxb8 52. Kd7 1-0

[Event "BAN-chT"]
[Site "Dhaka"]
[Date "2013.11.05"]
[Round "4"]
[White "Volkov, Sergey"]
[Black "Hossain, Monir Khan"]
[Result "1-0"]
[WhiteElo "2615"]
[BlackElo "2196"]
[PlyCount "95"]
[EventDate "2013.11.02"]
[EventType "team-tourn"]
[EventRounds "9"]
[EventCountry "BAN"]
[SourceTitle "CBM 157 Extra"]
[Source "ChessBase"]
[SourceDate "2013.12.19"]
[SourceVersion "1"]
[SourceVersionDate "2013.12.19"]
[SourceQuality "1"]

1. d4 d6 2. c4 e5 3. Nf3 Nd7 4. Nc3 Ngf6 5. e4 exd4 6. Nxd4 g6 7. Be2 Bg7 8. 0-0 0-0 9. Be3 Re8 10. f3 c6 11. Nc2 Nb6 12. Qd2 Be6 13. b3 Qe7 14. Rad1 Rad8 15. Rfe1 Qf8 16. Bf1 h6 17. a4 Kh7 18. Nd4 Nc8 19. b4 Nd7 20. h3 Qh8 21. Rc1 Ne5 22. Nxe6 Rxe6 23. a5 Rde8 24. Ne2 f5 25. Nd4 f4 26. Bxf4 Rf6 27. Kh1 c5 28. Nc2 Ne7 29. Be3 Qf8 30. f4 N5c6 31. b5 Nd4 32. Nxd4 cxd4 33. Qxd4 Rxf4 34. Qxd6 Rxe4 35. Bd3 Be5 36. Qc5 b6 37. axb6 axb6 38. Qxb6 Rh4 39. Rf1 Nf5 40. Bxf5 gxf5 41. Qb7+ Kh8 42. Qf3 Qg7 43. b6 Rg8 44. c5 f4 45. Bf2 Rh5 46. c6 Rg5 47. c7 Rxg2 48. c8Q 1-0

[Event "United Insurance 10th"]
[Site "Dhaka"]
[Date "2008.08.06"]
[Round "10"]
[White "Hossain, Monir Khan"]
[Black "Abdullah, Al Saif"]
[Result "1-0"]
[WhiteElo "2193"]
[BlackElo "1961"]
[PlyCount "127"]
[EventDate "2008.07.30"]
[EventType "swiss"]
[EventRounds "10"]
[EventCountry "BAN"]
[SourceTitle "CBM 125 Extra"]
[Source "ChessBase"]
[SourceDate "2008.09.01"]
[SourceVersion "1"]
[SourceVersionDate "2008.09.01"]
[SourceQuality "1"]

1. d4 Nf6 2. c4 d6 3. Nc3 g6 4. e4 Bg7 5. Be2 0-0 6. Bg5 Nfd7 7. Qd2 Re8 8. h4 f6 9. Be3 e5 10. d5 f5 11. f3 f4 12. Bf2 Nf6 13. g4 fxg3 14. Bxg3 Nh5 15. Bf2 Qf6 16. Nh3 Bxh3 17. Rxh3 Nf4 18. Rh2 Rf8 19. Bf1 Nd7 20. 0-0-0 a6 21. Kc2 Nh5 22. Rh3 Nf4 23. Rh2 Nh5 24. Bh3 Nb6 25. Bxb6 cxb6 26. Bg4 Nf4 27. Na4 h5 28. Bh3 Qd8 29. Be6+ Kh7 30. Qb4 b5 31. cxb5 axb5 32. Nc3 Qc7 33. Kb1 Rfd8 34. Nxb5 Qb6 35. Qb3 Ra6 36. Na3 Qa7 37. Rc2 Rb6 38. Nb5 Qa5 39. a4 Ra8 40. Bd7 Qxa4 41. Qxa4 Rxa4 42. Nxd6 Rd4 43. Rxd4 Rxd6 44. Rdc4 Rxd7 45. Rc7 Rxc7 46. Rxc7 Kh6 47. b4 Bf6 48. Rxb7 Bxh4 49. b5 Bf2 50. b6 h4 51. d6 h3 52. d7 Ne6 53. Rb8 Kg7 54. b7 Ba7 55. d8Q Nxd8 56. Rxd8 h2 57. Rd1 Kf7 58. Rh1 Ke7 59. Rxh2 Kd7 60. Rh7+ Kc6 61. Rg7 Bb8 62. Kc2 Bc7 63. Kd3 Kxb7 64. Kc4 1-0